Normal view MARC view
  • Quantum optics

Entry Topical Term

Number of records used in: 1

001 - CONTROL NUMBER

  • control field: 104000

003 - CONTROL NUMBER IDENTIFIER

  • control field: NUST

005 - DATE AND TIME OF LATEST TRANSACTION

  • control field: 20221202114852.0

008 - FIXED-LENGTH DATA ELEMENTS

  • fixed length control field: 221202|| aca||aabn | a|a d

040 ## - CATALOGING SOURCE

  • Original cataloging agency: NUST
  • Transcribing agency: NUST

150 ## - HEADING--TOPICAL TERM

  • Topical term or geographic name entry element: Quantum optics
  • General subdivision: Congresses

670 ## - SOURCE DATA FOUND

  • Source citation: Work cat.: (NUST)193609: Quantum optics IV :, c1986.
© 2023 Central Library, National University of Sciences and Technology. All Rights Reserved.